|
|
|
|
| LEADER |
00000nam a2200000 a 4500 |
| 001 |
vtls001516068 |
| 003 |
SK-MaSNL |
| 005 |
20260301164107.0 |
| 008 |
251112s1594 gw f 011 0 lat |
| 015 |
|
|
|a SNBHFA1594
|
| 020 |
|
|
|q viazané
|
| 035 |
|
|
|a 8718Bak
|
| 035 |
|
|
|a urn:nbn:sk:snk-am3iw63
|
| 035 |
|
|
|a B319B593-E3ED-4300-B3D7-9EB8335EE80A
|
| 035 |
|
|
|a urn:nbn:sk:snk-am00g6kc
|
| 040 |
|
|
|a SNKHF
|b slo
|c SNK
|e AACR2
|
| 041 |
0 |
|
|a lat
|
| 044 |
|
|
|a gw
|c DE
|
| 072 |
|
7 |
|a 2-1
|x Prirodzená teológia. Náboženská filozofia
|2 konspekt
|
| 080 |
|
|
|a 2‑1
|2 2011
|
| 080 |
|
|
|a 2‑21
|2 2011
|
| 080 |
|
|
|a 27‑426
|2 2011
|
| 100 |
1 |
|
|a Paleotti, Gabriele,
|d 1522-1597
|4 aut
|9 129588
|
| 245 |
1 |
0 |
|a De Imaginibvs Sacris, Et Profanis Illustriss. Et Reverendiss. D. D. Gabrielis Palaeoti Cardinalis, Libri Qvinqve
|b Quibus multiplices earum abusus, iuxta sacrosancti Concilij Tridentini decreta, deteguntur. Ac Variae Cavtiones Ad Omnivm generum picturas ex Christiana Disciplina restituendas, proponuntur. Ad vsum quidem Ecclesiae suae Bononiensis scripti, caeterum bono omnium Ecclesiarum nunc primum Latinè editi
|
| 246 |
1 |
|
|i Súčasť zbierky:
|a Knižnica Františkánov
|
| 246 |
3 |
8 |
|a Gabr. Palaeoti de Jmagin. S S.
|
| 260 |
|
|
|a Ingolstadii
|b Ex Officina Typographica Davidis Sartorii
|c Anno M. D. XCIV. [=1594]
|
| 300 |
|
|
|a [18], 382, [28] strán
|c 4°
|c 22 × 18 cm
|
| 500 |
|
|
|a Signet, vineta, vlysy, iniciálky s ornamentálnym pozadím vo voľnom priestore na 3 - 6 riadkov
|
| 504 |
|
|
|a Marginálie, kustody
|
| 508 |
|
|
|a Predslov; Dedikácia: Klement VIII. - pápež; Vestri Barbiani, Marcello
|
| 510 |
4 |
|
|a VD 16 P/120
|
| 546 |
|
|
|a Latinčina
|b Antiqua
|b Kurzíva
|
| 561 |
|
|
|a Z knižnice františkánov Bratislava.
|5 SNKIC 144724
|
| 562 |
|
|
|a Rukopisný exlibris: Conuentus Posoniensis Frum Minorum.
|5 SNKIC 144724
|
| 563 |
|
|
|a Väzba: žltá koža s ornamentálno-figurálnou slepotlačou, prelepený chrbát tmavohnedou kožou (praská a lúpe sa) s jednoduchou zlatou ornamentálnou slepotlačou a hnedým papierovým testovým štítkom.
|5 SNKIC 144724
|
| 650 |
0 |
7 |
|a teológia
|2 SNKPH
|9 1814
|
| 650 |
0 |
7 |
|a náboženstvo
|2 SNKPH
|9 2023
|
| 650 |
0 |
7 |
|a kresťanstvo
|2 SNKPH
|9 2024
|
| 700 |
1 |
|
|a Sartorius, David,
|d 1529-1596
|4 prt
|4 aui
|9 172585
|
| 700 |
1 |
|
|a Vestri Barbiani, Marcello,
|d zomrel 1606
|4 dto
|9 180603
|
| 700 |
0 |
|
|a Klement
|b VIII.,
|c pápež,
|d 1536-1605
|4 hnr
|9 55535
|
| 710 |
0 |
|
|a Sartorius, David (Ingolstadt, Nemecko),
|d 1571-1596
|4 prt
|9 305339
|
| 710 |
1 |
|
|a Františkáni (Bratislava, Slovensko)
|4 fmo
|9 281881
|
| 752 |
|
|
|a Nemecko
|d Ingolstadt
|
| 852 |
|
|
|a snk
|b Františkáni Bratislava
|p IC 144724
|
| 958 |
|
|
|a ONDV
|
| 958 |
|
|
|a DA
|
| 999 |
|
|
|c 819331
|d 821261
|
| 952 |
|
|
|t Fr Ba 8718
|a SNK
|b SNK
|y PREZ
|7 0
|p 17A1355786
|o snkIC 144724
|i snk2019/14821
|8 5
|0 0
|1 0
|4 0
|d 2005-04-05
|f 1
|l 0
|r 2005-04-05 00:00:00
|w 2026-02-24
|